000 00792cam a2200313 a 4500
001 19322
003 DO-SdBNP
005 20180403104630.0
007 19322
008 860221s1986 xxu a 000 1 eng
010 _a 86004639
020 _a0590460609
040 _aBPMSU
_cspa
_dBPMSU
042 _a
050 0 0 _a
_b
082 0 0 _a
_2
100 1 _aTomie, Paola de,
_d1934-
245 1 0 _aMerry Christmas, Strega Nona /
_cstory and pictures by Tomie de Paola.
250 _a
260 _aNew York :
_bScholastic,
_c1986.
300 _a[32 p.] :
_b il. ;
_c29 cm.
520 _a
650 1 _aWitches
_vFiction.
650 1 _aChristmas
_vFiction.
856 4 2 _3
_u
942 _2ddc
_cBK
945 _aInventariado, 2018/ YL
956 _620160418
_8BPMSU
_aVMATEO
_b10
_d0069
999 _c9808
_d9808